الإجراءات الإحتياطية للتأديب في الوظيفة العامة : (Record no. 56627)
[ view plain ]
| 000 -LEADER | |
|---|---|
| fixed length control field | 01313nam a2200313 i 4500 |
| 003 - CONTROL NUMBER IDENTIFIER | |
| control field | EG-GICUC |
| 005 - DATE AND TIME OF LATEST TRANSACTION | |
| control field | 20260121101721.0 |
| 008 - FIXED-LENGTH DATA ELEMENTS--GENERAL INFORMATION | |
| fixed length control field | 260112s1998 ua ||||fr|||| 00| 0 ara d |
| 040 ## - CATALOGING SOURCE | |
| Original cataloging agency | EG-GICUC |
| Language of cataloging | ara |
| Transcribing agency | EG-GICUC |
| Modifying agency | EG-GICUC |
| Description conventions | rda |
| 041 0# - LANGUAGE CODE | |
| Language code of text/sound track or separate title | ara |
| 082 04 - DEWEY DECIMAL CLASSIFICATION NUMBER | |
| Edition number | 21 |
| Classification number | 345.4551 |
| Item number | م ح . إ |
| 092 04 - LOCALLY ASSIGNED DEWEY CALL NUMBER (OCLC) | |
| Edition number | 21 |
| 099 ## - LOCAL FREE-TEXT CALL NUMBER (OCLC) | |
| Classification number | Law1 07 345.4551 م ح . إ 1 ed - 1998 |
| 100 0# - MAIN ENTRY--PERSONAL NAME | |
| Personal name | محمد أحمد مصطفي عبد الرحمن |
| Relator term | مؤلف. |
| 245 12 - TITLE STATEMENT | |
| Title | الإجراءات الإحتياطية للتأديب في الوظيفة العامة : |
| Remainder of title | (دراسة مقارنة) / |
| Statement of responsibility, etc. | الدكتور محمد أحمد مصطفي عبد الرحمن. |
| 250 ## - EDITION STATEMENT | |
| Edition statement | الطبعة الأولى |
| 264 #1 - PRODUCTION, PUBLICATION, DISTRIBUTION, MANUFACTURE, AND COPYRIGHT NOTICE | |
| Place of production, publication, distribution, manufacture | بورسعيد : |
| Name of producer, publisher, distributor, manufacturer | مركز الإتصالات الدولية، |
| Date of production, publication, distribution, manufacture, or copyright notice | 1998. |
| 300 ## - PHYSICAL DESCRIPTION | |
| Extent | 466 صفحة؛ |
| Dimensions | 24 سم. |
| 336 ## - CONTENT TYPE | |
| Source | rda content |
| Content type term | text |
| 337 ## - MEDIA TYPE | |
| Source | rda media |
| Media type term | Computer |
| 338 ## - CARRIER TYPE | |
| Source | rda carrier |
| Carrier type term | Online Resource |
| 504 ## - BIBLIOGRAPHY, ETC. NOTE | |
| Bibliography, etc. note | 451-436ببليوجرافيا: صفحات. |
| 546 ## - LANGUAGE NOTE | |
| Language note | النص أغلبه باللغة العربية مع بعض النصوص الفرنسية |
| 650 14 - SUBJECT ADDED ENTRY--TOPICAL TERM | |
| Topical term or geographic name entry element | تأديب العاملين بالقطاع العام |
| 650 14 - SUBJECT ADDED ENTRY--TOPICAL TERM | |
| Topical term or geographic name entry element | القانون الإداري |
| 856 40 - ELECTRONIC LOCATION AND ACCESS | |
| Uniform Resource Identifier | <a href="https://fll.law.cu.edu.eg/fulltext/bks/B07-01996.pdf">https://fll.law.cu.edu.eg/fulltext/bks/B07-01996.pdf</a> |
| 905 ## - Cataloger and Reviser Names | |
| Cataloger Name: | Sara El-Gendy |
| 942 ## - ADDED ENTRY ELEMENTS (KOHA) | |
| Source of classification or shelving scheme | Dewey Decimal Classification |
| Koha item type | Books |
| Edition | 21 |
| Suppress in OPAC | No |
| Withdrawn status | Lost status | Source of classification or shelving scheme | Damaged status | Not for loan | Collection | Home library | Current library | Date acquired | Total checkouts | Full call number | Barcode | Date last seen | Copy number | Price effective from | Koha item type |
|---|---|---|---|---|---|---|---|---|---|---|---|---|---|---|---|
| Dewey Decimal Classification | Not for loan | القانون الإداري | جــــامعة القــاهرة | مكتبة كلية الحقوق - المبنى الرئيسي | 12.01.2026 | Law1 07 345.4551 م ح . إ 1 ed - 1998 0701996 C1 | B07-01996 | 12.01.2026 | 1 | 12.01.2026 | Books | ||||
| Dewey Decimal Classification | القانون الإداري | جــــامعة القــاهرة | مكتبة كلية الحقوق - المبنى الرئيسي | 12.01.2026 | Law1 07 345.4551 م ح . إ 1 ed - 1998 0701997 C2 | B07-01997 | 12.01.2026 | 2 | 12.01.2026 | Books | |||||
| Dewey Decimal Classification | القانون الإداري | جــــامعة القــاهرة | مكتبة كلية الحقوق - المبنى الرئيسي | 12.01.2026 | Law2 07 345.4551 م ح . إ 1 ed - 1998 0701998 C3 | B07-01998 | 12.01.2026 | 3 | 12.01.2026 | Books |